<?xml version="1.0" encoding="UTF-8"?>
<collection xmlns="http://www.loc.gov/MARC21/slim">
 <record>
  <leader>01192nam a22002057a 4500</leader>
  <controlfield tag="001">NCT_143950</controlfield>
  <controlfield tag="008">190112b        xxu||||| |||| 00| 0 vie d</controlfield>
  <datafield tag="999" ind1=" " ind2=" ">
   <subfield code="c">7412</subfield>
   <subfield code="d">7412</subfield>
  </datafield>
  <datafield tag="020" ind1=" " ind2=" ">
   <subfield code="a">9786048032012</subfield>
   <subfield code="c">100000</subfield>
  </datafield>
  <datafield tag="082" ind1="0" ind2="4">
   <subfield code="2">23rd ed.</subfield>
   <subfield code="a">658.11</subfield>
   <subfield code="b">Đ305</subfield>
  </datafield>
  <datafield tag="100" ind1="1" ind2=" ">
   <subfield code="a">Huỳnh Thanh Điền</subfield>
  </datafield>
  <datafield tag="245" ind1="1" ind2="0">
   <subfield code="a">Kiến tạo môi trường khởi nghiệp</subfield>
   <subfield code="c">Huỳnh Thanh Điền</subfield>
  </datafield>
  <datafield tag="260" ind1=" " ind2=" ">
   <subfield code="a">H.</subfield>
   <subfield code="b">Thông tin và Truyền thông</subfield>
   <subfield code="c">2018</subfield>
  </datafield>
  <datafield tag="300" ind1=" " ind2=" ">
   <subfield code="a">110 tr.</subfield>
   <subfield code="c">21cm</subfield>
  </datafield>
  <datafield tag="520" ind1="3" ind2=" ">
   <subfield code="a">Tập hợp các bài phân tích và đề xuất xoay quanh chính sách thúc đẩy phát triển tinh thần khởi nghiệp tích cực, ươm tạo doanh nghiệp khởi nghiệp, cải thiện môi trường kinh doanh...</subfield>
  </datafield>
  <datafield tag="653" ind1=" " ind2=" ">
   <subfield code="a">Quản trị kinh doanh</subfield>
  </datafield>
  <datafield tag="942" ind1=" " ind2=" ">
   <subfield code="2">ddc</subfield>
   <subfield code="c">BK</subfield>
  </datafield>
  <datafield tag="952" ind1=" " ind2=" ">
   <subfield code="0">0</subfield>
   <subfield code="1">0</subfield>
   <subfield code="2">ddc</subfield>
   <subfield code="4">0</subfield>
   <subfield code="6">658_110000000000000_Đ305</subfield>
   <subfield code="7">0</subfield>
   <subfield code="9">26630</subfield>
   <subfield code="a">000001</subfield>
   <subfield code="b">000001</subfield>
   <subfield code="d">2023-01-13</subfield>
   <subfield code="l">1</subfield>
   <subfield code="o">658.11 Đ305</subfield>
   <subfield code="p">MD.20995</subfield>
   <subfield code="r">2023-05-25</subfield>
   <subfield code="s">2023-05-20</subfield>
   <subfield code="v">100000.00</subfield>
   <subfield code="w">2023-01-13</subfield>
   <subfield code="y">BK</subfield>
  </datafield>
  <datafield tag="952" ind1=" " ind2=" ">
   <subfield code="0">0</subfield>
   <subfield code="1">0</subfield>
   <subfield code="2">ddc</subfield>
   <subfield code="4">0</subfield>
   <subfield code="6">658_110000000000000_Đ305</subfield>
   <subfield code="7">0</subfield>
   <subfield code="9">26631</subfield>
   <subfield code="a">000001</subfield>
   <subfield code="b">000001</subfield>
   <subfield code="d">2023-01-13</subfield>
   <subfield code="o">658.11 Đ305</subfield>
   <subfield code="p">MD.20996</subfield>
   <subfield code="r">2023-01-13</subfield>
   <subfield code="v">100000.00</subfield>
   <subfield code="w">2023-01-13</subfield>
   <subfield code="y">BK</subfield>
  </datafield>
  <datafield tag="980" ind1=" " ind2=" ">
   <subfield code="a">Thư viện Trường Đại học Nam Cần Thơ</subfield>
  </datafield>
 </record>
</collection>
